Anl̀isis financiero del sector solidario

Bibliographic Details
Main Author: Cardozo Cuenca, Hernǹ
Format: eBook
Language:Spanish
Published: Bogot:̀ ECOE, 2018
Subjects:
Online Access:Acceso restringido

MARC

LEADER 00000nam a22000007a 4500
005 20220214231229.0
007 cr|||| ||||
008 220214s2018 co |||||s|||| 00||0 spa d
020 |a 978-958-771-602-3 
035 |a 35808 
040 |a vLex 
090 |c 12995  |d 12995 
100 1 |a Cardozo Cuenca, Hernǹ 
245 1 0 |a Anl̀isis financiero del sector solidario  |h [Recurso electrn̤ico] /  |c Hernǹ Cardozo Cuenca 
256 |a Servicio en ln̕ea 
260 |a Bogot:̀  |b ECOE,  |c 2018 
300 |a 1 recurso electrn̤ico 
500 |a El anl̀isis financiero es fundamental en la toma de decisiones de cualquier empresa, pues es t︢il para evaluar la situacin̤ de la organizacin̤ solidaria, a travš de informes que muestran el comportamiento estads̕tico de las cuentas del estado financiero, comparado con pero̕dos anteriores. Por ello, se han establecido algunos indicadores financieros para apoyar la supervisin̤ de las organizaciones y contribuir al mejoramiento de la gestin̤ de estas, por parte de la Supersolidaria. En el texto se presenta una interpretacin̤ de los estados financieros, relacionando los indicadores financieros con sus respectivas fr̤mulas, anl̀isis y definicin̤. Describe los modelos de la elaboracin̤ de los estados financieros obligatorios y un modelo para la confeccin̤ de las notas a estos, en concordancia con la NIF. Este es un texto gua̕ para estudiantes, contadores pb︢licos, auditores, revisores fiscales, gerentes financieros y dems̀ involucrados en la presentacin̤ de informacin̤ financiera a la junta, consejos y asamblea general de las organizaciones solidarias. 
506 1 |a Disponible solo en los productos indicados  |d vLex Global  |d vLex Global (Academic Edition, excluding Law Schools)  |d vLex Global (U.S. Academic Edition, Law Schools)  |d vLex Global (U.S. Academic Edition, excluding Law Schools)  |d vLex Global (Academic Edition, Law Schools) 
650 0 4 |a Contabilidad  |z Colombia 
650 0 4 |a Banca y finanzas  |z Colombia 
740 0 |a vLex Libros (Servicio en ln̕ea) 
856 4 0 |u https://app.vlex.com/#/sources/35808  |z Acceso restringido 
942 |c BOOK 
999 0 |a Accounting 
999 0 |a Banking and finance